00805 a2200193 4500003000500000005001700005010001600022020002900038040000900067082001500076100001700091245007200108260005100180300003100231440004800262505027700310650001200587650001200599Nust20230320093401.0 a 85027795 a0387161279 (pbk. : U.S.) cNust00a621.66,YOU1 aYoung, Matt,10aOptics and lasers :ban engineering physics approach /cMatt Young. aBerlin ;aNew York :bSpringer-Verlag,cc1986. axvi, 207 pbill. ;c24 cm. 0aSpringer series in optical sciences ;vv. 5 aRay Optics (Page-1), Optical Instruments (Page-20), Light Sources and Detectors (Page-43), Wave Optics (Page-73), Interferometry and Related Areas (Page-106), Holography and Fourier Optics (Page-118), Lasers (Page-144), Electromagnetic and Polarization Effects (Page-171). 0aLasers. 0aOptics.